| 000 | 01115nam a22002417a 4500 | ||
|---|---|---|---|
| 005 | 20240530110502.0 | ||
| 008 | 150726s2013 ua ao g b 000 0 ara d | ||
| 017 |
_a16889 _bمصر . دار الكتب المصرية |
||
| 020 | _a9789773684907 | ||
| 040 | _aEG-CaGPL | ||
| 082 | 0 | 4 |
_221 _a371.394\ _bح ت |
| 100 | 0 | _aحسناء فاروق جلال الديب | |
| 245 | 1 | 2 |
_aالتقويم الذاتى و اثرة على دافعية التلاميذ نحو التعلم و مستوى تحصيلهم الدراسى = _bThe effectiveness of self - evaluation on both the students motivation towards learning and the level of academic achievement / _cتاليف حسناء فاروق جلال الديب |
| 250 | _aط1 | ||
| 260 |
_aالاسكندرية : _bمؤسسة حورس الدولية ، _c2013 . |
||
| 300 |
_a164 ص : _bصور ؛ _c24 سم . |
||
| 504 | _aيشتمل على ارجاعات ببليوجرافية | ||
| 650 | 0 | 4 |
_aالطلبة _xتقييم |
| 650 | 0 | 4 | _aالاختبارات |
| 650 | 0 | 4 |
_aالطلبة _xحقوق |
| 942 |
_2ddc _cBK |
||
| 999 |
_c61490 _d61490 |
||